By Nile and Euphrates : (Record no. 21387)
[ view plain ]
| 000 -LEADER | |
|---|---|
| fixed length control field | 01345cam a2200337K 4500 |
| 001 - CONTROL NUMBER | |
| control field | 21387 |
| 003 - CONTROL NUMBER IDENTIFIER | |
| rucl marc code | BD-RjUL |
| 005 - DATE AND TIME OF LATEST TRANSACTION | |
| control field | 20211209000659.0 |
| 008 - FIXED-LENGTH DATA ELEMENTS--GENERAL INFORMATION | |
| fixed length control field | 140304s1904 stkabcf o o01 0 eng d |
| 035 ## - SYSTEM CONTROL NUMBER | |
| System control number | BD-RjUL)21451 |
| System control number | (OCoLC)682015171 |
| 040 ## - CATALOGING SOURCE | |
| Original cataloging agency | OCLCE |
| Language of cataloging | eng |
| Transcribing agency | OCLCE |
| Modifying agency | BD-RjUL |
| 041 ## - LANGUAGE CODE | |
| Language code of text/sound track or separate title | eng |
| 082 04 - DEWEY DECIMAL CLASSIFICATION NUMBER | |
| Classification number | 915.6 |
| Author mark and year | GEB 1904 |
| 100 1# - MAIN ENTRY--PERSONAL NAME | |
| Personal name | Geere, H. Valentine |
| Fuller form of name | (Henry Valentine), |
| Dates associated with a name | b. 1874. |
| 9 (RLIN) | 66094 |
| 245 10 - TITLE STATEMENT | |
| Title | By Nile and Euphrates : |
| Remainder of title | a record of discovery and adventure / |
| Statement of responsibility, etc. | by H. Valentine Geere. |
| 260 ## - PUBLICATION, DISTRIBUTION, ETC. (IMPRINT) | |
| Place of publication, distribution, etc. | Edinburgh : |
| Name of publisher, distributor, etc. | T. & T. Clark, |
| Date of publication, distribution, etc. | 1904. |
| 300 ## - PHYSICAL DESCRIPTION | |
| Pagination | xii, 355, [1] p. : |
| Illustrations | front, plates, ports., maps, plans (part fold.) ; |
| Size | 23 cm. |
| 504 ## - BIBLIOGRAPHY, ETC. NOTE | |
| Bibliography, etc | Includes Index |
| 506 ## - RESTRICTIONS ON ACCESS NOTE | |
| Materials specified | Use copy |
| Standardized terminology for access restriction | Restrictions unspecified |
| Source of term | star |
| Institution to which field applies | MiAaHDL |
| 651 #0 - SUBJECT ADDED ENTRY--GEOGRAPHIC NAME | |
| Geographic name | Euphrates River Valley |
| General subdivision | Description and travel. |
| 9 (RLIN) | 66095 |
| Geographic name | Euphrates River Valley |
| General subdivision | Antiquities. |
| 9 (RLIN) | 66096 |
| Geographic name | Egypt |
| General subdivision | Description and travel. |
| 9 (RLIN) | 66097 |
| Geographic name | Egypt |
| General subdivision | Antiquities. |
| 9 (RLIN) | 66098 |
| Geographic name | Nippur (Extinct city) |
| 9 (RLIN) | 66099 |
| 776 1# - ADDITIONAL PHYSICAL FORM ENTRY | |
| Qualifying information | Original |
| Record control number | (DLC) 05010426 |
| -- | (OCoLC)4369696 |
| 856 40 - ELECTRONIC LOCATION AND ACCESS | |
| Materials specified | HathiTrust Digital Library |
| Uniform Resource Identifier | <a href="http://catalog.hathitrust.org/api/volumes/oclc/4369696.html">http://catalog.hathitrust.org/api/volumes/oclc/4369696.html</a> |
| Materials specified | HathiTrust Digital Library |
| Uniform Resource Identifier | <a href="http://catalog.hathitrust.org/api/volumes/oclc/248928873.html">http://catalog.hathitrust.org/api/volumes/oclc/248928873.html</a> |
| 942 ## - ADDED ENTRY ELEMENTS (KOHA) | |
| Source of classification or shelving scheme | Dewey Decimal Classification |
| Koha item type | Books |
| Lost status | Source of classification or shelving scheme | Damaged status | Not for loan | Collection code | Permanent Location | Current Location | Shelving location | Date acquired | Source of acquisition | Cost, normal purchase price | Total Checkouts | Full call number | Date last seen | Copy number | Koha item type |
|---|---|---|---|---|---|---|---|---|---|---|---|---|---|---|---|
| Dewey Decimal Classification | Added to bundle | Non-fiction | Central Library, University of Rajshahi | Central Library, University of Rajshahi | Reading Room | 06/10/1966 | Qurashi | 6.70 | 915.6 GEB 1904 | 04/03/2014 | C-1 | Books |